000 00650nmc a2200253 a 4500
003 AR-X00000XY
005 20251128211948.0
008 317020sc199 ||||||||||||||000 | spa||
020 _a0-201-35139-0
040 _cAR-X00000XY
100 1 _aHojel, Barbara
245 1 0 _aRainy day picnic
260 _aNew York
_bAddison Wesley Longman
_cc1999
300 0 _a16 p.
_bil.
490 0 _aEnglish for me!
_vv. 8
650 4 _aINGLES
650 4 _aLITERATURA NORTEAMERICANA
650 4 _aCUENTO INFANTIL
655 _aLITERATURA
700 1 _aGuy, Ginger
700 1 _aDieterichs, Shelley
_eilustrador
942 _cBK
998 _cna-calidad
999 _c21810
_d21810